The Nature of the interactions on the carbon surface and their role in the reinforcement of elastomers (Record no. 70876)

MARC details
000 -LEADER
fixed length control field 00450nam a2200145Ia 4500
100 ## - MAIN ENTRY--AUTHOR NAME
Personal name Nikitin Yu N
245 #4 - TITLE STATEMENT
Title The Nature of the interactions on the carbon surface and their role in the reinforcement of elastomers
260 ## - PUBLICATION, DISTRIBUTION, ETC. (IMPRINT)
Name of publisher International Polymer Science and Technology
Year of publication 2001
300 ## - PHYSICAL DESCRIPTION
Number of Pages T13-T17
650 ## - SUBJECT ADDED ENTRY--TOPICAL TERM
Topical Term Elastomers
700 ## - ADDED ENTRY--PERSONAL NAME
Personal name Anikeev V N
700 ## - ADDED ENTRY--PERSONAL NAME
Personal name Nikitin I Yu
942 ## - ADDED ENTRY ELEMENTS (KOHA)
Koha item type Journals
Holdings
Withdrawn status Lost status Damaged status Not for loan Home library Current library Shelving location Date acquired Serial Enumeration / chronology Koha item type
      Journals RRII Library RRII Library Rubber chemistry 26/11/2001 Volume 28, Issue 4 Journals